000 00320nam a2200121Ia 4500
008 210430s9999 xx 000 0 und d
020 _a0-04-297026-1
082 _a297 N241I
100 _aSeyyed Hossein Nasr
_938928
245 _aIdeals and Realities of Islam
_cSeyyed Hossein Nasr
300 _a184
942 _cBK
_2ddc
999 _c565248
_d565248